[Event "Prinsenstad-toernooi - C groep"]
[Site "Delft"]
[Date "2016.03.26"]
[Round "4.3"]
[White "Bons, Maurits"]
[Black "Omota, Vlad"]
[Result "1-0"]
[WhiteElo "1679"]
[BlackElo "1666"]
[PlyCount "77"]
[EventDate "2016.03.25"]
[EventType "swiss"]
[EventRounds "6"]
[EventCountry "NED"]
[Source "DSC"]
[SourceDate "2016.03.25"]

1. e4 e6 2. d4 d5 3. Nc3 Bb4 4. e5 c5 5. a3 Bxc3+ 6. bxc3 Qc7 7. Qg4 f5 8. Qh5+
g6 9. Qd1 cxd4 10. cxd4 Qc3+ 11. Bd2 Qxd4 12. Nf3 Qb6 13. Bd3 Bd7 14. a4 Nc6
15. O-O Qc7 16. Qe2 Nge7 17. Rfb1 h6 18. Bc1 Kf7 19. Ba3 Rag8 20. Bd6 Qc8 21.
a5 h5 22. c3 g5 23. Qb2 Nd8 24. Nd4 h4 25. Bxe7 Kxe7 26. Qb4+ Kf7 27. Qd6 g4
28. Re1 a6 29. Bxf5 Re8 30. Bxg4 Re7 31. Re3 Ke8 32. f4 Nf7 33. Qb4 Rg8 34. Bh3
Nh6 35. Qb2 Rg6 36. Qe2 Reg7 37. Qh5 Kf8 38. Qxh4 Nf5 39. Bxf5 {
Rest van de notatie bestaat uit streepjes} 1-0

[Event "Prinsenstad-toernooi - C groep"]
[Site "Delft"]
[Date "2016.03.26"]
[Round "4.4"]
[White "Haslinger, Mike"]
[Black "Weerts, René"]
[Result "0-1"]
[WhiteElo "1727"]
[BlackElo "1713"]
[PlyCount "110"]
[EventDate "2016.03.25"]
[EventType "swiss"]
[EventRounds "6"]
[EventCountry "NED"]
[Source "DSC"]
[SourceDate "2016.03.25"]

1. d4 g6 2. e4 Bg7 3. Nf3 d6 4. Be3 c5 5. c3 Nc6 6. Bc4 cxd4 7. cxd4 Qb6 8. Qd2
Qc7 9. Na3 a6 10. Rc1 Qd8 11. O-O Nf6 12. Bh6 Nxe4 13. Qf4 Bxh6 14. Qxh6 d5 15.
Qg7 Rf8 16. Bd3 e6 17. Rfe1 Qf6 18. Qxf6 Nxf6 19. Rc3 Bd7 20. Bc2 Ke7 21. Nb1
Rfc8 22. a3 b5 23. Bd3 Na5 24. Rec1 Rxc3 25. Rxc3 Rc8 26. Rxc8 Bxc8 27. Ne5 Nd7
28. Nf3 f6 29. Nbd2 Nc4 30. Nxc4 bxc4 31. Bc2 Nb6 32. Kf1 Bd7 33. b3 cxb3 34.
Bxb3 Ba4 35. Bxa4 Nxa4 36. Nd2 Kd6 37. Nb3 Kc6 38. Ke1 Kb5 39. Nd2 Nc3 40. Nb3
e5 41. Kd2 Nb1+ 42. Kd3 e4+ 43. Ke3 Nxa3 44. Nc5 Nc2+ 45. Kd2 Nxd4 46. Nd7 f5
47. Nf6 a5 48. Nxh7 a4 49. Nf6 Kc4 50. g4 Nf3+ 51. Kc2 d4 52. gxf5 gxf5 53. h3
d3+ 54. Kb2 d2 55. Kc2 a3 0-1

[Event "Prinsenstad-toernooi - C groep"]
[Site "Delft"]
[Date "2016.03.26"]
[Round "4.5"]
[White "Nobel, Corniel"]
[Black "Vriens, Huib"]
[Result "1-0"]
[WhiteElo "1685"]
[BlackElo "1697"]
[Annotator "Prinsenstad-toernooi"]
[PlyCount "51"]
[EventDate "2016.03.25"]
[EventType "swiss"]
[EventRounds "6"]
[EventCountry "NED"]
[Source "DSC"]
[SourceDate "2016.03.25"]

{Winnaar spektakelprijs C-groep} 1. e4 c5 2. Nf3 d6 3. d4 cxd4 4. Nxd4 Nf6 5.
Nc3 a6 6. Be3 e6 7. f3 Qc7 8. Qd2 Nbd7 9. O-O-O Be7 10. Kb1 Nc5 11. g4 b6 $6 {
Wat passief.} (11... b5 {is gebruikelijk.}) 12. g5 Nfd7 13. h4 Ne5 14. Rg1 Bd7
15. f4 {Wit grijpt zijn kans.} Nc6 16. f5 Nxd4 $2 (16... Ne5 {
lijkt een gezonde verdediging.}) 17. Bxd4 e5 18. Nd5 $1 {wit een mooi tempo.}
Qc6 (18... Nxe4 $4 {kan natuurlijk wegens} 19. Nxc7+ {schaak!}) 19. Bxc5 Qxc5
20. Nxe7 $1 {lokt de koning naar voren.} Qxg1 $4 {Hartstikke giftig.} (20...
Kxe7 21. f6+ gxf6 22. gxf6+ Ke8 (22... Kxf6 $4 23. Qg5+ Ke6 24. Bh3+ f5 25.
Qxf5+ Ke7 26. Qxd7+ Kf8 27. Rdf1+ Qf2 28. Rxf2#) 23. Qxd6 Be6 24. Qxc5 bxc5 25.
Rg5 $18) 21. Qxd6 Ra7 (21... Rd8 22. Nd5 {Dreigt op twee manieren mat.} Qc5 $8
{Verdedigt beide, maar de prijs is hoog.} 23. Nc7+ Qxc7 24. Qxc7 $18 {
En zwart staat een dame achter.}) 22. Nd5 (22. Nc6 {
is net iets nauwkeuriger wegens ondekbaar mat:} Qc5 23. Qb8+ Bc8 24. Qxc8#)
22... Qc5 23. Qxe5+ Be6 24. Qb8+ Qc8 25. Qxa7 Bxd5 26. exd5 {en opgegeven.} (
26. Bxa6 $1 {is heel fraai. Het ontneemt zwart de mogelijkheid tot rokeren.})
1-0

[Event "Prinsenstad-toernooi - C groep"]
[Site "Delft"]
[Date "2016.03.27"]
[Round "5.4"]
[White "Van der Molen, Hans"]
[Black "Eshuis, Hans"]
[Result "1/2-1/2"]
[WhiteElo "1600"]
[BlackElo "1775"]
[PlyCount "59"]
[EventDate "2016.03.25"]
[EventType "swiss"]
[EventRounds "6"]
[EventCountry "NED"]
[Source "DSC"]
[SourceDate "2016.03.25"]

1. e4 e6 2. d4 d5 3. exd5 exd5 4. Nf3 Nc6 5. c3 Bd6 6. Bd3 Bg4 7. h3 Bd7 8. O-O
Nge7 9. Re1 h6 10. Qb3 O-O 11. Qxb7 Rb8 12. Qa6 Rb6 13. Qa4 Ne5 14. Qd1 Nxd3
15. Qxd3 Bf5 16. Qe2 Ng6 17. b4 Nf4 18. Bxf4 Bxf4 19. Nbd2 Re6 20. Qf1 Rg6 21.
Kh1 Rc6 22. Rac1 Qf6 23. g3 Bxd2 24. Nxd2 Qg6 25. Kh2 Ra6 26. Nf3 Bd3 27. Ne5
Bxf1 28. Nxg6 fxg6 29. Rxf1 Rxa2 30. Kg2 1/2-1/2

[Event "Prinsenstad-toernooi - C groep"]
[Site "Delft"]
[Date "2016.03.27"]
[Round "5.5"]
[White "Rookus, Sjoerd"]
[Black "Dado, Wilco"]
[Result "1-0"]
[WhiteElo "1762"]
[BlackElo "1570"]
[PlyCount "71"]
[EventDate "2016.03.25"]
[EventType "swiss"]
[EventRounds "6"]
[EventCountry "NED"]
[Source "DSC"]
[SourceDate "2016.03.25"]

1. e4 c5 2. d4 cxd4 3. c3 dxc3 4. Nxc3 Nc6 5. Nf3 d6 6. Bc4 a6 7. O-O Nf6 8. h3
e5 9. Qe2 Be7 10. Rd1 O-O 11. Be3 Be6 12. Nd5 Bxd5 13. Bxd5 Rc8 14. Bxc6 Rxc6
15. Nxe5 Rc8 16. Nc4 Qd7 17. Nb6 Qe6 18. Nxc8 Rxc8 19. Bf4 d5 20. e5 Rc4 21.
Qd3 Rxf4 22. exf6 Qxf6 23. Qxd5 Qb6 24. Rd2 h6 25. Rc1 Bg5 26. Rc8+ Kh7 27.
Qd3+ g6 28. Qc3 Bf6 29. Qc7 Qe6 30. Qxf4 Qxc8 31. Rd6 Bxb2 32. Qxf7+ Kh8 33.
Rxg6 Qc1+ 34. Kh2 Be5+ 35. g3 Bxg3+ 36. Rxg3 1-0

[Event "Prinsenstad-toernooi - D groep"]
[Site "Delft"]
[Date "2016.03.25"]
[Round "1.4"]
[White "Ruzaykyn, Ruzaykyn"]
[Black "Van der Willik, Bert"]
[Result "1-0"]
[WhiteElo "1500"]
[BlackElo "1287"]
[PlyCount "35"]
[EventDate "2016.03.25"]
[EventType "swiss"]
[EventRounds "6"]
[EventCountry "NED"]
[Source "DSC"]
[SourceDate "2016.03.25"]

1. e4 e5 2. d4 exd4 3. c3 c6 4. Nf3 d5 5. e5 Be6 6. Nxd4 Bd7 7. Bd3 Bc5 8. e6
Bxd4 9. exd7+ Nxd7 10. cxd4 Ne7 11. Qh5 Qb6 12. O-O Qxd4 13. Bc2 Nf6 14. Qe2
Kd7 15. Rd1 Qb6 16. Bf4 Rae8 17. Qe5 Nf5 18. Bxf5+ (18. Bxf5+ Re6 19. Qd6+ Ke8
20. Bxe6 $18) 1-0

[Event "Prinsenstad-toernooi - D groep"]
[Site "Delft"]
[Date "2016.03.25"]
[Round "1.5"]
[White "Van Hattum, Karel"]
[Black "Overmeer, Henk"]
[Result "0-1"]
[WhiteElo "1272"]
[BlackElo "1473"]
[Annotator "Prinsenstad-toernooi"]
[PlyCount "40"]
[EventDate "2016.03.25"]
[EventType "swiss"]
[EventRounds "6"]
[EventCountry "NED"]
[Source "DSC"]
[SourceDate "2016.03.25"]

1. d4 Nf6 2. c4 g6 3. Nc3 Bg7 4. Nf3 d6 5. e3 O-O 6. Bd3 Nbd7 7. O-O c6 8. e4
e5 9. d5 h6 10. Re1 a5 11. b3 Ne8 12. Be3 f5 13. Qc1 f4 14. Bd2 g5 15. h3 Nef6
16. dxc6 bxc6 17. c5 g4 18. hxg4 Nxg4 19. g3 fxg3 20. fxg3 Rxf3 {en zwart wint.
} 0-1

[Event "Prinsenstad-toernooi - D groep"]
[Site "Delft"]
[Date "2016.03.26"]
[Round "2.3"]
[White "Overmeer, Henk"]
[Black "Van Dongen, Sam"]
[Result "0-1"]
[WhiteElo "1473"]
[BlackElo "1331"]
[PlyCount "61"]
[EventDate "2016.03.25"]
[EventType "swiss"]
[EventRounds "6"]
[EventCountry "NED"]
[Source "DSC"]
[SourceDate "2016.03.25"]

1. d4 c5 2. d5 e6 3. dxe6 fxe6 4. e4 d5 5. exd5 exd5 6. Be2 Nf6 7. Nf3 Be7 8.
O-O O-O 9. h3 Nc6 10. c3 b6 11. Na3 Bb7 12. Nc2 Qc7 13. Bg5 Rad8 14. Re1 Rd7
15. Bxf6 Bxf6 16. Nh2 Rfd8 17. Bg4 Rd6 18. Be6+ Kh8 19. Qh5 Be5 20. Bxd5 Rxd5
21. f4 Bd4+ 22. Nxd4 Rxh5 23. Ne6 Qd7 24. Nxd8 Qxd8 25. Rad1 Qg8 26. Rd7 Ba8
27. Red1 h6 28. Ng4 Rf5 29. Ne5 Nxe5 30. fxe5 Rxe5 31. Rd8 0-1

[Event "Prinsenstad-toernooi - D groep"]
[Site "Delft"]
[Date "2016.03.26"]
[Round "4.4"]
[White "Swanink, Koos"]
[Black "Weidema, Luuk"]
[Result "0-1"]
[WhiteElo "1239"]
[BlackElo "1373"]
[PlyCount "86"]
[EventDate "2016.03.25"]
[EventType "swiss"]
[EventRounds "6"]
[EventCountry "NED"]
[Source "DSC"]
[SourceDate "2016.03.25"]

1. c4 e6 2. Nc3 Nf6 3. g3 c6 4. Bg2 d5 5. cxd5 cxd5 6. e3 Nc6 7. d4 Bd7 8. Nf3
Bd6 9. O-O O-O 10. a3 Qc7 11. Bd2 a6 12. Rc1 Rae8 13. b4 Qb6 14. Na4 Qb5 15.
Nc5 Ne7 16. Ne5 Rd8 17. f4 Qb6 18. Nexd7 Nxd7 19. e4 dxe4 20. Bxe4 Nf6 21. Bf3
Rb8 22. Be3 Qb5 23. g4 b6 24. a4 Qe8 25. Nxa6 Rc8 26. b5 Qd7 27. g5 Nfd5 28.
Rxc8 Rxc8 29. Bxd5 Nxd5 30. Qb3 Rc3 31. Qb1 Rxe3 32. f5 Re2 33. Rf2 Rxf2 34.
Kxf2 Bxh2 35. Qh1 Bf4 36. Qe4 Bxg5 37. Nb8 Qc7 38. Nc6 Qh2+ 39. Qg2 Qxg2+ 40.
Kxg2 exf5 41. a5 bxa5 42. Nxa5 Nb6 43. Nc4 Nxc4 0-1

[Event "Prinsenstad-toernooi - D groep"]
[Site "Delft"]
[Date "2016.03.26"]
[Round "4.5"]
[White "Mang, Jessie"]
[Black "De Vies, Auke"]
[Result "1/2-1/2"]
[WhiteElo "1310"]
[BlackElo "1391"]
[PlyCount "60"]
[EventDate "2016.03.25"]
[EventType "swiss"]
[EventRounds "6"]
[EventCountry "NED"]
[Source "DSC"]
[SourceDate "2016.03.25"]

1. e4 d5 2. exd5 Nf6 3. Bb5+ Bd7 4. Be2 Nxd5 5. d4 Bf5 6. a3 e6 7. c4 Nb6 8.
Nc3 Be7 9. Nf3 Nc6 10. O-O O-O 11. Re1 Na5 12. c5 Nd5 13. Nxd5 Qxd5 14. Bd3
Rfe8 15. Bf4 Rac8 16. Re5 Qd7 17. Bxf5 exf5 18. Qd3 g6 19. Rae1 Nc6 20. R5e2
Rcd8 21. g3 Kg7 22. Qb3 b6 23. Qc2 h6 24. b4 b5 25. Qd3 a6 26. d5 Qxd5 27. Qxd5
Rxd5 28. Bxc7 Rd7 29. Bd6 f6 30. Nd2 Kf7 1/2-1/2

[Event "Prinsenstad-toernooi - B groep"]
[Site "Delft"]
[Date "2016.03.25"]
[Round "1.1"]
[White "Verfuerth, Thomas"]
[Black "Veldhuijsen, Klaas"]
[Result "1-0"]
[WhiteElo "2067"]
[BlackElo "1865"]
[PlyCount "61"]
[EventDate "2016.03.27"]
[EventType "swiss"]
[EventRounds "6"]
[EventCountry "NED"]
[Source "DSC"]
[SourceDate "2016.03.25"]

1. c4 e5 2. Nc3 Nf6 3. e4 Bb4 4. Nge2 O-O 5. g3 d6 6. Bg2 Nc6 7. O-O Be6 8. d3
Qc8 9. Nd5 Ne8 10. a3 Bc5 11. b4 Bb6 12. Nec3 Bd4 13. Rb1 Bg4 14. Qc2 Qd7 15.
Ne2 Bh3 16. Bxh3 Qxh3 17. b5 Nd8 18. Nxd4 exd4 19. Nf4 Qd7 20. Bb2 c5 21. bxc6
Nxc6 22. Ne2 f5 23. Nxd4 fxe4 24. dxe4 Nf6 25. Nf5 Rae8 26. f3 g6 27. Nh6+ Kg7
28. Ng4 Ne5 29. Nxf6 Rxf6 30. f4 Ng4 31. h3 1-0

[Event "Prinsenstad-toernooi - B groep"]
[Site "Delft"]
[Date "2016.03.25"]
[Round "1.2"]
[White "Van de Griend, Johan"]
[Black "Haslinger, Gareth"]
[Result "0-1"]
[WhiteElo "1851"]
[BlackElo "2046"]
[PlyCount "89"]
[EventDate "2016.03.27"]
[EventType "swiss"]
[EventRounds "6"]
[EventCountry "NED"]
[Source "DSC"]
[SourceDate "2016.03.25"]

1. e4 d5 2. exd5 Qxd5 3. Nc3 Qa5 4. d4 Nf6 5. Bd2 Bg4 6. Be2 Bxe2 7. Qxe2 Nc6
8. Nf3 O-O-O 9. O-O Nxd4 10. Nxd4 Rxd4 11. Rfd1 c6 12. a3 Qc7 13. g3 e6 14. Be3
Rxd1+ 15. Rxd1 Bd6 16. Bxa7 Rd8 17. Na4 Nd5 18. Rxd5 b5 19. Bb6 Qb8 20. Rxb5
cxb5 21. Bxd8 Kxd8 22. Nc3 b4 23. axb4 Qxb4 24. Nb5 Ke7 25. c3 Qc5 26. Qd3 Be5
27. b3 Qd5 28. Qxd5 exd5 29. Kf1 Kd7 30. Ke2 Kc6 31. Nd4+ Kd7 32. Kd3 g5 33.
Nf3 Bf6 34. g4 h6 35. c4 dxc4+ 36. bxc4 Kd6 37. Nd4 Ke5 38. Ke3 Bg7 39. Ne2 f5
40. gxf5 Kxf5 41. c5 Ke5 42. f4+ Kd5 43. fxg5 hxg5 44. Ng3 Kxc5 45. Ne4+ 0-1

[Event "Prinsenstad-toernooi - B groep"]
[Site "Delft"]
[Date "2016.03.25"]
[Round "1.3"]
[White "Senders, Justin"]
[Black "Friesen, Philippe"]
[Result "1/2-1/2"]
[WhiteElo "1990"]
[BlackElo "1848"]
[PlyCount "103"]
[EventDate "2016.03.27"]
[EventType "swiss"]
[EventRounds "6"]
[EventCountry "NED"]
[Source "DSC"]
[SourceDate "2016.03.25"]

1. e4 d5 2. exd5 Nf6 3. d4 Nxd5 4. c4 Nb6 5. Nf3 g6 6. Nc3 Bg7 7. c5 Nd5 8. Bc4
c6 9. Qb3 e6 10. O-O O-O 11. Re1 Qc7 12. Bg5 Nd7 13. Bxd5 exd5 14. Be7 Re8 15.
Bd6 Rxe1+ 16. Rxe1 Qd8 17. Be7 Qc7 18. g3 Nf6 19. Bd6 Qd7 20. Re7 Qg4 21. Ne2
Bf8 22. Rxf7 Bxd6 23. Rxf6 Bc7 24. Qe3 Qe4 25. Nd2 Qxe3 26. fxe3 Bf5 27. g4 Kg7
28. Rxf5 gxf5 29. gxf5 Kf6 30. Ng3 Bxg3 31. hxg3 Kxf5 32. Kg2 Re8 33. Kf3 h5
34. b4 b6 35. Nb3 Re4 36. a4 h4 37. gxh4 Rxh4 38. cxb6 axb6 39. a5 bxa5 40.
bxa5 Rh3+ 41. Ke2 Rh2+ 42. Kd3 Rh8 43. Nc5 Ra8 44. a6 Ra7 45. Kc3 Kg4 46. Kb4
Kf3 47. Ka5 Kxe3 48. Kb6 Rxa6+ 49. Kxa6 Kxd4 50. Kb6 Kc4 51. Kxc6 d4 52. Kd6
1/2-1/2

[Event "Prinsenstad-toernooi - B groep"]
[Site "Delft"]
[Date "2016.03.25"]
[Round "1.4"]
[White "Metz, Atze"]
[Black "Van der Hoeven, Gerben"]
[Result "0-1"]
[WhiteElo "1846"]
[BlackElo "1965"]
[PlyCount "116"]
[EventDate "2016.03.27"]
[EventType "swiss"]
[EventRounds "6"]
[EventCountry "NED"]
[Source "DSC"]
[SourceDate "2016.03.25"]

1. d4 c5 2. d5 e5 3. c4 d6 4. Nc3 g6 5. e4 Bg7 6. Nf3 Nf6 7. Be2 O-O 8. O-O h6
9. Rb1 Nh5 10. Re1 a6 11. Nd2 Nf4 12. Bf1 f5 13. a3 Nd7 14. g3 Nh5 15. exf5
Rxf5 16. Nde4 Ndf6 17. Bh3 Nxe4 18. Nxe4 Rf8 19. Be6+ Kh7 20. b4 b6 21. bxc5
bxc5 22. Bxc8 Rxc8 23. Qa4 Nf6 24. Nxf6+ Qxf6 25. Be3 h5 26. Rb7 Kg8 27. Qd7
Ra8 28. Reb1 Rf7 29. Qxf7+ Qxf7 30. Rxf7 Kxf7 31. Rb7+ Kf6 32. h4 Bf8 33. f3 e4
34. Kf2 exf3 35. Kxf3 Re8 36. Bg5+ Ke5 37. Be3 Re7 38. Rb1 Rf7+ 39. Kg2 Ke4 40.
Bf4 Kd3 41. Rc1 Rb7 42. Kf3 Rb3 43. Be3 Rxa3 44. Rd1+ Kxc4 45. Ke4 Rc3 46. Ra1
Kb5 47. Rb1+ Ka4 48. Ra1+ Ra3 49. Rf1 Bg7 50. Rf7 Be5 51. Bxc5 Rxg3 52. Bf2
Rg4+ 53. Kd3 Rf4 54. Rxf4+ Bxf4 55. Ke4 Be5 56. Be1 Kb5 57. Bd2 a5 58. Kd3 a4 {
Kd4} 0-1

[Event "Prinsenstad-toernooi - B groep"]
[Site "Delft"]
[Date "2016.03.25"]
[Round "2.1"]
[White "Van Brussel, Bert"]
[Black "Verfuerth, Thomas"]
[Result "0-1"]
[WhiteElo "1889"]
[BlackElo "2067"]
[PlyCount "54"]
[EventDate "2016.03.27"]
[EventType "swiss"]
[EventRounds "6"]
[EventCountry "NED"]
[Source "DSC"]
[SourceDate "2016.03.25"]

1. e4 c5 2. Nc3 g6 3. f4 Bg7 4. Nf3 Nc6 5. Bb5 Nd4 6. Nxd4 cxd4 7. Nb1 Nf6 8.
e5 Nd5 9. O-O O-O 10. d3 Qb6 11. a4 d6 12. Na3 dxe5 13. Nc4 Qc7 14. Nxe5 Bxe5
15. fxe5 Qxe5 16. Bh6 Ne3 17. Qf3 Bg4 18. Qf2 Nxf1 19. Rxf1 Be6 20. Bxf8 Rxf8
21. Re1 Qd6 22. Re4 Rd8 23. c3 dxc3 24. bxc3 a6 25. Rd4 Qc7 26. Bc4 Bxc4 27.
Rxc4 Qxc4 0-1

[Event "Prinsenstad-toernooi - B groep"]
[Site "Delft"]
[Date "2016.03.25"]
[Round "2.2"]
[White "Van der Hoeven, Gerben"]
[Black "Auwens, Michel"]
[Result "0-1"]
[WhiteElo "1965"]
[BlackElo "1887"]
[PlyCount "80"]
[EventDate "2016.03.27"]
[EventType "swiss"]
[EventRounds "6"]
[EventCountry "NED"]
[Source "DSC"]
[SourceDate "2016.03.25"]

1. e4 c6 2. d4 g6 3. Nf3 Bg7 4. Be2 d6 5. Bg5 Nf6 6. Nc3 Qc7 7. Qd2 b5 8. a3 a6
9. h3 Bb7 10. O-O O-O 11. Bh6 Nbd7 12. Rad1 Rfd8 13. Qg5 Nf8 14. Bxg7 Kxg7 15.
Rfe1 h6 16. Qh4 e5 17. Rd2 exd4 18. Nxd4 c5 19. Nb3 Re8 20. f3 b4 21. axb4 cxb4
22. Nd1 Ne6 23. Ne3 g5 24. Qf2 Red8 25. Nf5+ Kh7 26. Bd3 Nf4 27. Qd4 Kg6 28.
Nxh6 Nd7 29. Nf5 Ne5 30. h4 Ne6 31. Qe3 f6 32. Bf1 d5 33. Red1 dxe4 34. fxe4
Ng4 35. Qh3 Qb6+ 36. Qe3 Qc7 37. Qg3 Qb6+ 38. Kh1 Nf2+ 39. Kg1 Ng4+ 40. Kh1
Nf2+ 0-1

[Event "Prinsenstad-toernooi - B groep"]
[Site "Delft"]
[Date "2016.03.25"]
[Round "2.3"]
[White "Holwijn, Melvin"]
[Black "Kanters, Cor"]
[Result "1-0"]
[WhiteElo "1940"]
[BlackElo "1797"]
[PlyCount "49"]
[EventDate "2016.03.27"]
[EventType "swiss"]
[EventRounds "6"]
[EventCountry "NED"]
[Source "DSC"]
[SourceDate "2016.03.25"]

1. d4 Nf6 2. c4 e6 3. a3 d5 4. Nc3 c6 5. cxd5 exd5 6. Nf3 Bf5 7. g3 g6 8. Bg2
Bg7 9. O-O O-O 10. h3 Nbd7 11. g4 Be4 12. g5 Ne8 13. Nxe4 dxe4 14. Nh2 c5 15.
Bxe4 Bxd4 16. Bxb7 Rb8 17. Bc6 Ne5 18. Bg2 Nc4 19. Ra2 Qd6 20. Ng4 Nc7 21. b3
Nb6 22. Nf6+ Kg7 23. e3 Nb5 24. exd4 Nc3 25. Ne4 1-0

[Event "Prinsenstad-toernooi - B groep"]
[Site "Delft"]
[Date "2016.03.25"]
[Round "2.4"]
[White "De Boer, Eelke"]
[Black "Bettman, Jan"]
[Result "1-0"]
[WhiteElo "1933"]
[BlackElo "1778"]
[PlyCount "47"]
[EventDate "2016.03.27"]
[EventType "swiss"]
[EventRounds "6"]
[EventCountry "NED"]
[Source "DSC"]
[SourceDate "2016.03.25"]

1. e4 e5 2. Nf3 d5 3. exd5 e4 4. Qe2 Qe7 5. Nd4 g6 6. Nc3 Bg7 7. d6 cxd6 8. Nd5
Qe5 9. Nb5 Kd8 10. Ndc7 a6 11. Nxa8 axb5 12. Nb6 Be6 13. Qxb5 d5 14. Na4 Bd7
15. Qb6+ Ke8 16. Nc5 Bc6 17. Bb5 Ne7 18. Qxb7 f5 19. O-O Kf7 20. Bxc6 Nbxc6 21.
c3 d4 22. Qb3+ Nd5 23. d3 Qd6 24. dxe4 1-0

[Event "Prinsenstad-toernooi - B groep"]
[Site "Delft"]
[Date "2016.03.26"]
[Round "2.14"]
[White "De Moor, Peter"]
[Black "Kanne, Kelvin"]
[Result "1-0"]
[WhiteElo "1921"]
[BlackElo "1757"]
[Annotator "Prinsenstad-toernooi"]
[PlyCount "54"]
[EventDate "2016.03.27"]
[EventType "swiss"]
[EventRounds "6"]
[EventCountry "NED"]
[Source "DSC"]
[SourceDate "2016.03.25"]

{Winnaar spektakelprijs B-groep} 1. d4 Nf6 2. c4 e6 3. Nc3 Bb4 4. Qc2 d5 5.
cxd5 Qxd5 6. e3 b6 7. Nf3 O-O 8. Bd3 Bb7 9. O-O Qh5 10. Ne4 Qg4 $2 (10... Bxe4
11. Bxe4 Nxe4 12. Qxe4 {en niets aan het handje.}) 11. Nxf6+ gxf6 12. Bxh7+ Kh8
13. h3 Qxh3 14. gxh3 Bxf3 15. e4 (15. Be4 $4 Rg8+ 16. Bg6 (16. Kh2 $2 Bd6#)
16... Rxg6+ 17. Qxg6 fxg6 $19) 15... Kxh7 16. Bf4 e5 17. Bg3 Nc6 18. Qxc6 f5
19. Qf6 Bxe4 20. Qh4+ Kg6 21. Bxe5 f6 22. Bf4 Kf7 23. f3 Rg8+ 24. Kf2 Bd5 25.
Qh5+ Rg6 26. Qh7+ Rg7 27. Qxf5 Be6 1-0

[Event "Prinsenstad-toernooi - B groep"]
[Site "Delft"]
[Date "2016.03.26"]
[Round "2.20"]
[White "Rietveld, Leo"]
[Black "Nguyen, Lucas"]
[Result "1-0"]
[WhiteElo "1907"]
[BlackElo "1768"]
[Annotator "Prinsenstad-toernooi"]
[PlyCount "41"]
[EventDate "2016.03.27"]
[EventType "swiss"]
[EventRounds "6"]
[EventCountry "NED"]
[Source "DSC"]
[SourceDate "2016.03.25"]

1. e4 c5 2. Nc3 Nc6 3. f4 g6 4. Nf3 Bg7 5. a3 e6 6. b4 cxb4 7. axb4 Nge7 8. b5
Nd4 9. Bd3 O-O 10. Ba3 Re8 11. h4 Qc7 $6 (11... d6 {voorkomt e5.}) 12. e5 Nxf3+
13. Qxf3 f5 14. Bd6 Qd8 15. h5 (15. b6 {is ook fraai:} Qxb6 16. Nb5 $1 $18)
15... Kf7 16. g4 Rh8 17. Ke2 Qf8 18. gxf5 gxf5 19. h6 Bxe5 20. Qh5+ Kg8 21.
Rag1+ (21. Rag1+ Ng6 22. Rxg6+ hxg6 23. Qxg6+ Bg7 24. hxg7 Qxg7 25. Qe8+ Qf8
26. Qxf8#) 1-0

[Event "Prinsenstad-toernooi - B groep"]
[Site "Delft"]
[Date "2016.03.26"]
[Round "3.1"]
[White "Zoun, Rogier"]
[Black "Holwijn, Melvin"]
[Result "1-0"]
[WhiteElo "1914"]
[BlackElo "1940"]
[PlyCount "113"]
[EventDate "2016.03.27"]
[EventType "swiss"]
[EventRounds "6"]
[EventCountry "NED"]
[Source "DSC"]
[SourceDate "2016.03.25"]

1. e4 e5 2. Bc4 Nf6 3. Nc3 Nc6 4. Nf3 Be7 5. d4 exd4 6. Nxd4 O-O 7. O-O Nxe4 8.
Nxe4 d5 9. Nxc6 bxc6 10. Bd3 dxe4 11. Bxe4 Ba6 12. Re1 Qxd1 13. Rxd1 Rad8 14.
Bf4 Bf6 15. c3 Bb5 16. Bxc7 Rxd1+ 17. Rxd1 Re8 18. Bf3 g6 19. Bf4 a5 20. h3 a4
21. Rd6 Re1+ 22. Kh2 Be7 23. Rd7 h5 24. Be3 Bf6 25. Bc5 h4 26. Rd2 Rc1 27. Be3
a3 28. Rd8+ Bxd8 29. Bxc1 axb2 30. Bxb2 Bf6 31. g3 hxg3+ 32. fxg3 Be5 33. Kg2
Kg7 34. Kf2 Kf6 35. g4 Ke6 36. Be2 Bg3+ 37. Kf3 Bd6 38. c4 Ba4 39. h4 c5 40. h5
Bf8 41. hxg6 fxg6 42. Kf4 Bd6+ 43. Kg5 Bc2 44. Bf6 Be4 45. Bd8 Be5 46. Bb6 Bd4
47. Kf4 Bc6 48. Bf3 Be5+ 49. Ke3 Bd4+ 50. Ke2 Ba4 51. Kd2 Kd6 52. Be4 Be8 53.
Kd3 Bf7 54. a4 Be8 55. a5 g5 56. a6 Bc6 57. a7 1-0

[Event "Prinsenstad-toernooi - B groep"]
[Site "Delft"]
[Date "2016.03.26"]
[Round "3.2"]
[White "Auwens, Michel"]
[Black "Klein, Jorik"]
[Result "0-1"]
[WhiteElo "1887"]
[BlackElo "1818"]
[PlyCount "76"]
[EventDate "2016.03.27"]
[EventType "swiss"]
[EventRounds "6"]
[EventCountry "NED"]
[Source "DSC"]
[SourceDate "2016.03.25"]

1. e4 c5 2. Nf3 d6 3. d4 cxd4 4. c3 dxc3 5. Nxc3 Nc6 6. Bc4 e6 7. O-O Nf6 8.
Qe2 Be7 9. Rd1 Qc7 10. Bf4 a6 11. Rac1 O-O 12. Bb3 Bd7 13. Rd2 Nh5 14. Be3 Nf6
15. h3 Rac8 16. Nd4 Qb8 17. Rcd1 Na5 18. f3 b5 19. Qf2 Qb7 20. g4 Nc4 21. Bxc4
bxc4 22. Nde2 Bc6 23. Nd4 Rfd8 24. a4 Nd7 25. Nxc6 Qxc6 26. Bd4 Nc5 27. Bxc5
Qxc5 28. Kg2 Qxf2+ 29. Kxf2 Rb8 30. Ke3 Rb3 31. Kd4 Rc8 32. f4 h6 33. Rf1 Rb4
34. Ra1 g5 35. fxg5 e5+ 36. Ke3 Bxg5+ 37. Ke2 Bxd2 38. Kxd2 Rxb2+ 0-1

[Event "Prinsenstad-toernooi - B groep"]
[Site "Delft"]
[Date "2016.03.26"]
[Round "3.3"]
[White "Verfuerth, Thomas"]
[Black "De Boer, Eelke"]
[Result "1/2-1/2"]
[WhiteElo "2067"]
[BlackElo "1933"]
[PlyCount "55"]
[EventDate "2016.03.27"]
[EventType "swiss"]
[EventRounds "6"]
[EventCountry "NED"]
[Source "DSC"]
[SourceDate "2016.03.25"]

1. c4 f5 2. Nf3 Nf6 3. g3 g6 4. Bg2 Bg7 5. O-O O-O 6. d4 d6 7. Nc3 e6 8. Re1
Ne4 9. Qd3 Nxc3 10. Qxc3 e5 11. dxe5 dxe5 12. Nxe5 Nd7 13. f4 c6 14. e4 Nxe5
15. fxe5 Qe7 16. exf5 Rxf5 17. Bf4 g5 18. Bd2 h6 19. Qd3 Rxe5 20. Rxe5 Qxe5 21.
Qd8+ Kh7 22. Bc3 Qe3+ 23. Kh1 Bh3 24. Qxa8 Bxg2+ 25. Kxg2 Qe2+ 26. Kg1 Qe3+ 27.
Kf1 Qf3+ 28. Kg1 1/2-1/2

[Event "Prinsenstad-toernooi - B groep"]
[Site "Delft"]
[Date "2016.03.26"]
[Round "3.4"]
[White "Senders, Justin"]
[Black "De Moor, Peter"]
[Result "1/2-1/2"]
[WhiteElo "1990"]
[BlackElo "1921"]
[PlyCount "34"]
[EventDate "2016.03.27"]
[EventType "swiss"]
[EventRounds "6"]
[EventCountry "NED"]
[Source "DSC"]
[SourceDate "2016.03.25"]

1. e4 c5 2. Nf3 e6 3. d3 d5 4. Nbd2 Nc6 5. g3 Bd6 6. Bg2 Nge7 7. O-O O-O 8. Re1
f6 9. h4 d4 10. Nc4 e5 11. a4 b6 12. Nh2 Bc7 13. Bf3 Rb8 14. h5 a6 15. Bg4 b5
16. axb5 axb5 17. Na3 Kh8 1/2-1/2